000 00261nam a2200109Ia 4500
100 _aMachinery yellow back series
942 _cBK
654 _aGrinding
245 _aFine Grinding & Lapping No
260 _bMachinery Publication & co
_c2001
546 _aENGLISH
999 _c21266
_d21266